Federal or Unitary? Quiz Stats

 Plays Quiz not verified by Sporcle

Score 0/25 Timer 10:00
0 Plays Today
% Correct
Unitary
100%
Federal
94.4%
Federal
94.4%
Unitary
94.4%
Federal
88.9%
Unitary
88.9%
Federal
83.3%
Unitary
83.3%
Federal
83.3%
Federal
77.8%
Federal
77.8%
Federal
77.8%
Unitary
72.2%
% Correct
Unitary
72.2%
Federal
72.2%
Unitary
72.2%
Unitary
72.2%
Unitary
72.2%
Unitary
72.2%
Unitary
55.6%
Federal
55.6%
Unitary
55.6%
Federal
44.4%
Federal
38.9%
Unitary
33.3%

You're not logged in!

Compare scores with friends on all Sporcle quizzes.
OR
Log In

Show Comments

Extras

Top Quizzes Today


Score Distribution

Your Account Isn't Verified!

In order to create a playlist on Sporcle, you need to verify the email address you used during registration. Go to your Sporcle Settings to finish the process.

Report this User

Report this user for behavior that violates our Community Guidelines.

Details: